Score 0/20 Timer 05:00
0 Plays Today
% Correct
Buenos Aires
98.3%
Córdoba
78.1%
Rosario
71%
Mendoza
65.2%
Salta
61.3%
La Plata
61.2%
Mar del Plata
52.9%
San Juan
52%
San Miguel de Tucumán
51.1%
Santa Fe de la Vera Cruz
50.9%
% Correct
San Salvador de Jujuy
42.6%
Bahía Blanca
38.2%
Corrientes
37.6%
Resistencia
36.5%
Formosa
36%
Posadas
35.8%
Santiago del Estero
35%
Neuquén
33.8%
Paraná
32.3%
Catamarca
21%
Remove Ads.
Support Sporcle.
Get the best of Sporcle when you Go Orange. This ad-free experience offers more features, more stats, and more fun while also helping to support Sporcle. Thank you for becoming a member.

You're not logged in!

Compare scores with friends on all Sporcle quizzes.
OR
Log In

Show Comments

Extras

Top Quizzes Today


Score Distribution

Your Account Isn't Verified!

In order to create a playlist on Sporcle, you need to verify the email address you used during registration. Go to your Sporcle Settings to finish the process.

Report this User

Report this user for behavior that violates our Community Guidelines.

Details: